000 00411nam a2200145Ia 4500
008 231129s2016||||xx |||||||||||||| ||spa||
020 _a978-612-4158-21-6
040 _bspa
082 _aCh863 E38a
100 _aElectorat Mauricio
245 0 _aAlguien soñará con nosotros
260 _c2016
264 _aBogotá Colombia : Universidad César Vallejo
942 _2ddc
_cBKS
999 _c3193
_d3193